=LDR 00000nam 2200000 4500 =001 INLIS000000000054515 =005 20200207033028 =035 ##$$a 0010-0220000077 =007 ta =008 200207################g##########0#ind## =020 ##$$a 978-602-00-1455-5 =082 ##$$a 005.369 =084 ##$$a 005.369 IRN a =100 #$$a Irnawan =245 1#$$a Apa pun permintaannya, crystal repost jawabannya /$c Irnawan, yesni malau =260 ##$$a Jakarta :$b PT. Elex Media Komputindo,$c 2011 =300 ##$$a x, 190 hlm. : $b ilus. ; $c 14 x 21 cm =650 #4$$a Komputer Aplikasi =990 ##$$a 04090409 =990 ##$$a 21102718